Lord of the Rings Quotes #5 - Statistics

General Stats
  • This quiz has been taken 19 times
  • The average score is 6 of 19
Answer Stats
Hint Answer % Correct
“I’ll get there, if I leave everything but my bones behind." Samwise
80%
“Despair is only for those who see the end beyond all doubt. We do not.” Gandalf
60%
“Faithless is he that says farewell when the road darkens.” Gimli
53%
"The story seems to be going on, but I am afraid Gandalf has fallen out of it.” Pippin
53%
“But there, my friends, songs like trees bear fruit only in their own time and their own way: and sometimes they are withered untimely.” Treebeard
47%
“Yet such is oft the course of deeds that move the wheels of the world: small hands do them because they must, while the eyes of the great are elsewhere.” Elrond
40%
“Let us remember that a traitor may betray himself and do good that he does not intend.” Gandalf
40%
“Do not scorn pity that is the gift of a gentle heart.” Faramir
33%
"If that's being queer, then we could do with a bit more queerness in these parts." Hamfast
33%
“He that breaks a thing to find out what it is, has left the path of wisdom.” Gandalf
27%
“Well, I am going back into the open air, to see what the wind and sky are doing!” Legolas
27%
“Memory is not what the heart desires. That is only a mirror.” Gimli
20%
“Oft hope is born when all is forlorn.” Legolas
20%
“It is useless to meet revenge with revenge: it will heal nothing.” Frodo
13%
“Faithful heart may have froward tongue.” Theoden
13%
“Be bold, but wary! Keep up your merry hearts, and ride to meet your fortune!” Tom Bombadil
13%
"There are some things that it is better to begin than to refuse, even though the end may be dark." Aragorn
7%
“Have patience. Go where you must go, and hope!” Gandalf
7%
"Oft it may chance that old wives keep in memory word of things that once were needful for the wise to know." Celeborn
0%
No matching quizzes found
Score Distribution
Percent of People with Each Score
Percentile by Number Answered
Your Score History
You have not taken this quiz